The Fellowship of the Ring First 200 Words Quiz Stats

 Plays Quiz Updated Feb 4, 2016

Challenge
Share
Tweet
Embed
Score 0/200 Timer 15:00
2 Plays Today
Word % Correct
the
95.6%
the
95.5%
The
95.5%
the
95.5%
the
95.5%
the
95.5%
the
95.5%
a
92.2%
a
92.2%
a
92.2%
in
77.2%
on,
75.5%
on
75.5%
of
75.1%
of
75.1%
of
75.1%
of
75.1%
of
75.1%
Bilbo
74.2%
Bilbo
74.2%
was
71.3%
was
71.3%
was
71.3%
was
71.3%
was
71.3%
was
71.3%
was
71.3%
was
71.3%
Bag
71.1%
Bag
71.1%
Baggins
69.4%
Baggins.
69.4%
to
69%
to
69%
to
69%
he
69%
he
69%
to
69%
he
69%
and
68.9%
and
68.9%
and
68.9%
and
68.9%
and
68.9%
And
68.9%
and
68.9%
and
68.9%
it
67.4%
it
67.4%
it
67.4%
'It
67.4%
'It
67.4%
be
67.3%
be
67.3%
End
65.3%
End
65.3%
there
59.8%
there
59.8%
There
59.8%
for
59.1%
for
59.1%
for'
59.1%
When
57.7%
Shire
57.6%
his
55.9%
his
55.9%
his
55.9%
Word % Correct
his
55.9%
birthday
54.1%
party
53.5%
that
53.1%
that
53.1%
that
53.1%
that
53.1%
that
53.1%
they
49.7%
they
49.7%
not
49.6%
would
48.4%
would
48.4%
were
47%
at
45%
at.
45%
At
45%
at
45%
At
45%
as
43.2%
as
43.2%
as
43.2%
Mr.
43.1%
Mr.
43.1%
had
42.9%
had
42.9%
had
42.9%
too
42.8%
have
41.8%
have
41.8%
have
41.8%
with
41.5%
with
41.5%
if
41.4%
old
41.3%
this
39%
Time
38.4%
much
38.2%
much
38.2%
much
38.2%
from
38.2%
will
38%
Hobbiton.
37.5%
him
37.1%
will
36.9%
but
35.9%
but
35.9%
said
35.6%
ever
35.2%
eleventy-first
35.1%
some
33.1%
been
32.3%
been
32.3%
their
32.1%
good
30.8%
should
30.8%
celebrating
30%
talk
29.8%
very
28.4%
very
28.4%
announced
28.3%
years,
27.9%
thing;
27.1%
thought
26%
enough
23.7%
same
23.2%
well
23.1%
Word % Correct
now
22.9%
rich
22.6%
say,
22.5%
back
22.4%
treasure.
22.2%
little
21.7%
Hill
21.6%
full
21%
return.
20.6%
since
19.8%
fifty.
18.9%
special
18.6%
excitement
18.3%
also
18.2%
seemed
17.3%
seemed
17.3%
magnificence,
17.2%
ninety
17.2%
shortly
16.9%
travels
16.4%
folk
16.4%
began
16.1%
might
15.3%
brought
15.2%
paid
15.2%
isn't
15.2%
wealth.
15.1%
unexpected
14.8%
call
14.8%
wonder
14.7%
effect
14.7%
sixty
14.6%
tunnels
13.7%
legend,
13.3%
become
13.2%
stuffed
13.2%
disappearance
13.1%
youth
12.7%
riches
12.3%
peculiar,
12.2%
anyone
11.9%
believed,
11.7%
ninety-nine
11.5%
mark.
11.4%
unchanged
11.1%
well-preserved;
10.7%
natural,
10.4%
unfair
10.3%
nearer
10.3%
local
10.1%
wore
10%
marvel
9.9%
heads
9.2%
shook
8.9%
(apparently)
8.7%
possess
8.7%
remarkable
8.2%
inexhaustible
7.7%
whatever
7.6%
perpetual
7.5%
vigour
7.4%
fame,
7.2%
(reputedly)
7.1%
trouble
7%
popularly
6.1%
prolonged
6%

You're not logged in!

Compare scores with friends on all Sporcle quizzes.
Join for Free
OR
Log In

You Might Also Like...

Show Comments

Extras

Top Quizzes Today


Score Distribution

Your Account Isn't Verified!

In order to create a playlist on Sporcle, you need to verify the email address you used during registration. Go to your Sporcle Settings to finish the process.

Report this User

Report this user for behavior that violates our Community Guidelines.

Details: